书目信息 |
| 题名: |
比较德育学
|
|
| 作者: | 武汉大学思想政治教育系 , 王玄武 组编 | |
| 分册: | ||
| 出版信息: | 武汉 武汉大学出版社 2003 |
|
| 页数: | 381页 | |
| 开本: | 24cm | |
| 丛书名: | ||
| 单 册: | ||
| 中图分类: | G410 | |
| 科图分类: | ||
| 主题词: | 德育--比较教育学 | |
| 电子资源: | ||
| ISBN: | 7-307-03850-1 | |
| 000 | 00755nam0 2200241 45 | |
| 001 | 0312291680 | |
| 005 | 20031229163457.8 | |
| 010 | @a7-307-03850-1@dCNY34.00 | |
| 100 | @a20031229d2003 km y0chiy0120 ea | |
| 101 | 0 | @achi |
| 105 | @a z 000yy | |
| 200 | 1 | @a比较德育学@ABi Jiao De Yu Xue@f武汉大学思想政治教育系组编,王玄武等著@FWu Han Da Xue Si Xiang Zheng Zhi Jiao Yu Xi Zu Bian,Wang Xuan Wu Deng Zhu |
| 205 | @a第二版 | |
| 210 | @a武汉@c武汉大学出版社@d2003 | |
| 215 | @a381页@d24cm | |
| 300 | @a研究生教学用书 | |
| 300 | @a教育部研究生工作办公室推荐 | |
| 606 | 0 | @a德育@x比较教育学 |
| 690 | @aG410@v4 | |
| 701 | 0 | @a武汉大学思想政治教育系@4组编 |
| 701 | 0 | @a王玄武@4著 |
| 801 | @aCN@bTSTC@c20031229 | |
| 905 | @b330676-683@dG410@e14=2@f8 | |
| 比较德育学/武汉大学思想政治教育系组编,王玄武等著.-第二版.-武汉:武汉大学出版社,2003 |
| 381页;24cm |
| 研究生教学用书.-教育部研究生工作办公室推荐 |
| ISBN 7-307-03850-1:CNY34.00 |
| ● |
| 相关链接 |
|
|
|
|
正题名:比较德育学
索取号:G410/14=2
 
预约/预借
| 序号 | 登录号 | 条形码 | 馆藏地/架位号 | 状态 | 备注 |
| 1 | 0330676 | 203306760 | 密集书库/ [索取号:G410/14=2] | 在馆 | |
| 2 | 0330677 | 203306779 | 密集书库/ [索取号:G410/14=2] | 在馆 | |
| 3 | 0330678 | 203306788 | 第四借阅区/ [索取号:G410/14=2] | 在馆 | |
| 4 | 0330679 | 203306797 | 密集书库/ [索取号:G410/14=2] | 在馆 | |
| 5 | 0330680 | 203306804 | 第四借阅区/ [索取号:G410/14=2] |
已借出,限还日期为2007.06.28 借出人:隋春玲 |
|
| 6 | 0330681 | 203306813 | 第四借阅区/ [索取号:G410/14=2] | 在馆 | |
| 7 | 0330682 | 203306822 | 第四借阅区/ [索取号:G410/14=2] | 在馆 | |
| 8 | 0330683 | 203306831 | 第一样本阅览室/ [索取号:G410/14=2] | 在馆 |